000 00621nam a22002057a 4500
999 _c172657
_d172657
005 20200210144201.0
010 _aENG-127786
020 _c295.00
_a9789386725745
035 _aEN-111318
037 _bDBAD/PUB
082 _a371.9046
100 _aArya,Pawan Kumar
245 _a Inclusive education /
_cby Pawan kumar Arya[and]Soma
250 _a1st ed.
260 _aNew Delhi
_bNeelkamal publications
_c2018
270 _a4764/1,23,Ansari Road,Daryaganj
_bNew Delhi
_e110002
300 _axi,;300p
_c24cm(pbk)
500 _aincludes bibliography and index.
942 _2ddc
_cEN
_mARY
_h371.9046